| 000 | 00715nam a2200229 a 4500 | ||
|---|---|---|---|
| 001 | BRCA_6993 | ||
| 005 | 20190320205653.0 | ||
| 008 | 231111s1929----u--cd#####---#000-0#eng-# | ||
| 041 | _aeng | ||
| 044 | _au | ||
| 050 | 4 |
_aGV1282.3 _b.W6 1929 |
|
| 100 | 1 |
_aWhitehead, Wilbur C. _b1866 _q(Wilbur Cherrier) _917405 |
|
| 245 | 1 | 0 |
_aContract bridge standards _cby Wilbur C. Whitehead ; with an introduction by Ely Culbertson. |
| 260 |
_aNueva York _bFrederick A. Stokes company _c1929 |
||
| 300 |
_axvi, 176 p. _bil. _c16 cm. |
||
| 500 | _aEstado fĂsico: casmisa rota | ||
| 500 | _aO12 | ||
| 650 | 1 | 4 |
_aApuestas _xJuego de cartas (Bridge) _915655 |
| 700 | 1 |
_aCulbertson, Ely _916730 |
|
| 902 | _aGFM | ||
| 942 |
_2lcc _cB |
||
| 999 |
_c6674 _d6674 |
||